000 01148 a2200181 4500
003 Nust
005 20230717102728.0
020 _a6510748
040 _cNust
082 _a551,FAQ
100 _aFagan, John J.
_9113678
245 _aView of the Earth: An introduction to geology /
_cJohn J. Fagan
260 _aNew York, Holt,
_bRinehart and Winston,
_c [1965]
300 _aix, 436 p. illus., charts,
_bmaps, ports. 24 cm.
505 _aIntroduction (Page-1), The Earth in Space and Time (Page-8), The Earths Outer Layers (Page-32), The Crust Underfoot (Page-52), Volcanoes and Igneous Activity (Page-72), Sediments : The Layered Rocks (Page-112), Rocks Deformed and Metamorphism (Page-140), Earthquakes and the Earths Interior (Page-172), Weathering and The Pull of Gravity (Page-190), The Power of Running Water (Page-214), The Waters Below (Page-260), Wind in Action and Deserts (Page-282), The Advance of Glaciers (Page-300), Waves Against the Shore (Page-332), Mountains in the Landscape (Page-352), Deciphering the Past (Page-370), The Story of the Rocks (Page-386).
650 _aView of the Earth
_9113679
942 _2ddc
_cBK
_k551,FAQ
999 _c183769
_d183769